LIBRARY ONLINE CATALOGUE

The Evangelicals : (Record no. 9824)

MARC details
000 -LEADER
fixed length control field 00707nam a22002172 4500
001 - CONTROL NUMBER
control field 0000023452
005 - DATE AND TIME OF LATEST TRANSACTION
control field 20151217152241.0
008 - FIXED-LENGTH DATA ELEMENTS--GENERAL INFORMATION
fixed length control field 121204s xx 000 0 eng d
020 ## - INTERNATIONAL STANDARD BOOK NUMBER
International Standard Book Number 0687121817 :
040 ## - CATALOGING SOURCE
Original cataloging agency KABU
Transcribing agency KABU
245 14 - TITLE STATEMENT
Title The Evangelicals :
Remainder of title what they believe, who they are, where they are changing /
Statement of responsibility, etc. edited by David F. Wells and John D. Woodbridge.
250 ## - EDITION STATEMENT
Edition statement 1st ed.
260 ## - PUBLICATION, DISTRIBUTION, ETC. (IMPRINT)
Place of publication, distribution, etc. New York :
Name of publisher, distributor, etc. Abingdon Press,
Date of publication, distribution, etc. 1975.
300 ## - PHYSICAL DESCRIPTION
Extent 304 p.
650 #0 - SUBJECT ADDED ENTRY--TOPICAL TERM
Topical term or geographic name as entry element Evangelicalism.
-- 0000148902
700 1# - ADDED ENTRY--PERSONAL NAME
Personal name Wells, David F.
-- 0000182851
700 1# - ADDED ENTRY--PERSONAL NAME
Personal name Woodbridge, John D.
-- 0000149051
852 1# - LOCATION
-- p500 KES
908 ## - PUT COMMAND PARAMETER (RLIN)
Put command parameter 121204
950 ## - LOCAL HOLDINGS (RLIN)
-- 1
Holdings
Withdrawn status Lost status Source of classification or shelving scheme Not for loan Home library Current library Date acquired Total Checkouts Full call number Barcode Date last seen Date last checked out Price effective from Koha item type
    Library of Congress Classification   Kabarak, Main Campus Kabarak, Main Campus 17/12/2015 1 BR1640 .E93 1975 c. 1 014217 02/08/2024 26/08/2019 17/12/2015 General Collection